| 000 | 00374nam a22001577a 4500 | ||
|---|---|---|---|
| 003 | OSt | ||
| 008 | 240102b |||||||| |||| 00| 0 eng d | ||
| 020 | _a9789350146378 | ||
| 082 | _a540 KHE | ||
| 100 | _aRAJSHREE,Khare | ||
| 245 | _aTextbook of Engineering Chemistry | ||
| 250 | _aEd.2nd Reprint | ||
| 260 |
_aNew Delhi _bKatson _c2024 |
||
| 300 | _a782 | ||
| 942 |
_2ddc _cBK |
||
| 999 |
_c12155 _d12155 |
||